[Event "Granada Nazari GM"]
[Site "Granada"]
[Date "2014.04.15"]
[Round "1"]
[White "Moreno Trujillo, Alejandro"]
[Black "Cuenca Jimenez, Jose Fernando"]
[Result "1-0"]
[WhiteElo "2533"]
[BlackElo "2489"]
[PlyCount "85"]
[EventDate "2014.04.15"]
[EventType "tourn"]
[EventRounds "9"]
[EventCountry "ESP"]
[EventCategory "8"]
[SourceTitle "CBM 160 Extra"]
[Source "ChessBase"]
[SourceDate "2014.07.01"]
[SourceVersion "1"]
[SourceVersionDate "2014.07.01"]
[SourceQuality "1"]

1. d4 Nf6 2. c4 g6 3. Nc3 d5 4. Nf3 Bg7 5. Bf4 O-O 6. Rc1 Be6 7. c5 Nh5 8. g3
Nxf4 9. gxf4 b6 10. cxb6 axb6 11. Bg2 c5 12. O-O Nc6 13. dxc5 bxc5 14. b3 Nb4
15. Ne5 Qd6 16. a3 Na6 17. Nxd5 Rad8 18. Nc6 Rd7 19. Ndxe7+ Kh8 20. Qxd6 Rxd6
21. Rb1 Re8 22. e4 Nb8 23. Nxb8 Rxe7 24. b4 cxb4 25. e5 Rd3 26. axb4 Bh6 27. b5
Re8 28. Nc6 Bd7 29. Rfd1 Rxd1+ 30. Rxd1 Bg4 31. Rd4 Bf8 32. Rd8 Rxd8 33. Nxd8
Bc5 34. Nxf7+ Kg7 35. Nd6 Kf8 36. Ne4 Bd4 37. Nf6 Be2 38. b6 Ke7 39. b7 Ba7 40.
Nxh7 Kd8 41. Be4 Kc7 42. Nf8 Bh5 43. Kg2 1-0

[Event "Granada Nazari GM"]
[Site "Granada"]
[Date "2014.04.16"]
[Round "2"]
[White "Camacho Collados, Jose"]
[Black "Cuenca Jimenez, Jose Fernando"]
[Result "1/2-1/2"]
[WhiteElo "2388"]
[BlackElo "2489"]
[PlyCount "116"]
[EventDate "2014.04.15"]
[EventType "tourn"]
[EventRounds "9"]
[EventCountry "ESP"]
[EventCategory "8"]
[SourceTitle "CBM 160 Extra"]
[Source "ChessBase"]
[SourceDate "2014.07.01"]
[SourceVersion "1"]
[SourceVersionDate "2014.07.01"]
[SourceQuality "1"]

1. Nf3 Nf6 2. b3 c5 3. Bb2 d6 4. Nc3 e5 5. e4 Be7 6. h3 O-O 7. Bc4 Nc6 8. a4 a6
9. d3 Rb8 10. O-O Bd7 11. Nd2 Nd4 12. Nd5 Nxd5 13. Bxd5 Ne6 14. Bxe6 Bxe6 15.
f4 exf4 16. Rxf4 b5 17. Qe1 Bg5 18. Qg3 f6 19. Rf2 d5 20. axb5 axb5 21. Ra7 d4
22. Nf3 Ra8 23. Rxa8 Qxa8 24. Nxg5 fxg5 25. Rxf8+ Qxf8 26. Qxg5 Qd6 27. Ba3 b4
28. Bc1 h6 29. Bf4 Qc6 30. Qe7 Bf7 31. Bd6 Bh5 32. g4 Bf7 33. Bxc5 Qg6 34. Bxd4
h5 35. g5 h4 36. Qe5 Be6 37. Kg2 Kh7 38. Bb2 Bd7 39. d4 Qh5 40. Kf2 Bxh3 41. d5
Qf7+ 42. Ke3 Bg2 43. Qf4 Qxf4+ 44. Kxf4 h3 45. Kg3 Bxe4 46. d6 Bf5 47. Bd4 Kg6
48. Bc5 Kf7 49. Bxb4 Ke6 50. c4 Bc2 51. c5 Kd7 52. Bc3 g6 53. b4 Ba4 54. Kxh3
Bc6 55. Kg3 Ke6 56. Kf4 Kd5 57. Ke3 Bb5 58. Bd2 Bc6 1/2-1/2

[Event "Granada Nazari GM"]
[Site "Granada"]
[Date "2014.04.16"]
[Round "3"]
[White "Cuenca Jimenez, Jose Fernando"]
[Black "Camacho Collados, Marcos"]
[Result "1-0"]
[WhiteElo "2489"]
[BlackElo "2417"]
[PlyCount "131"]
[EventDate "2014.04.15"]
[EventType "tourn"]
[EventRounds "9"]
[EventCountry "ESP"]
[EventCategory "8"]
[SourceTitle "CBM 160 Extra"]
[Source "ChessBase"]
[SourceDate "2014.07.01"]
[SourceVersion "1"]
[SourceVersionDate "2014.07.01"]
[SourceQuality "1"]

1. e4 g6 2. d4 Bg7 3. Nc3 c6 4. Bc4 d6 5. Nf3 Nf6 6. Bb3 Qa5 7. O-O Nbd7 8. Re1
e5 9. dxe5 dxe5 10. Qd6 h6 11. Bd2 Bf8 12. Qd3 Qc7 13. Be3 Nc5 14. Qe2 Ng4 15.
Bd2 Bg7 16. h3 Nf6 17. Be3 Ne6 18. Qd2 g5 19. Rad1 O-O 20. Qd6 Ne8 21. Qxc7
N8xc7 22. Ne2 Nf4 23. Ng3 Re8 24. Rd2 Bf8 25. h4 Bg4 26. hxg5 Bxf3 27. gxf3
hxg5 28. Rd7 Re7 29. Red1 Nfe6 30. Rxe7 Bxe7 31. Rd7 Kf8 32. Nf5 Bd8 33. Nd6
Be7 34. Nxb7 a5 35. a4 Ke8 36. Rd1 Bb4 37. Nd6+ Bxd6 38. Rxd6 c5 39. Bc4 Ke7
40. Rb6 Rg8 41. Rb7 Kd6 42. Bxe6 Nxe6 43. Rxf7 Rb8 44. b3 c4 45. Ra7 cxb3 46.
cxb3 Rxb3 47. Rxa5 Rb4 48. Rd5+ Ke7 49. a5 g4 50. Rxe5 Rb1+ 51. Kg2 gxf3+ 52.
Kxf3 Ra1 53. Rd5 Ra4 54. Rb5 Ra3 55. Kg2 Kd6 56. Bd2 Kd7 57. Rb7+ Kc8 58. Re7
Nd4 59. Rf7 Ra2 60. Be3 Nc6 61. Bb6 Ne5 62. Re7 Ng6 63. Rc7+ Kb8 64. Rf7 Ra3
65. f3 Ne5 66. Bc7+ 1-0

[Event "Granada Nazari GM"]
[Site "Granada"]
[Date "2014.04.17"]
[Round "4"]
[White "Ibarra Jerez, Jose Carlos"]
[Black "Cuenca Jimenez, Jose Fernando"]
[Result "1/2-1/2"]
[WhiteElo "2522"]
[BlackElo "2489"]
[PlyCount "178"]
[EventDate "2014.04.15"]
[EventType "tourn"]
[EventRounds "9"]
[EventCountry "ESP"]
[EventCategory "8"]
[SourceTitle "CBM 160 Extra"]
[Source "ChessBase"]
[SourceDate "2014.07.01"]
[SourceVersion "1"]
[SourceVersionDate "2014.07.01"]
[SourceQuality "1"]

1. e4 e5 2. Nf3 Nf6 3. d4 Nxe4 4. Bd3 d5 5. Nxe5 Nd7 6. Nc3 Nxc3 7. bxc3 Nxe5
8. dxe5 c5 9. Qf3 c4 10. Be2 Be6 11. O-O Qc7 12. Rb1 h5 13. Bg5 Qxe5 14. Bf4
Qf5 15. Rxb7 Ba3 16. Bxc4 O-O 17. Bd3 Qg4 18. Qxg4 hxg4 19. Be3 a5 20. Bd4 a4
21. Rfb1 Rfc8 22. R1b5 Bf8 23. R5b6 a3 24. Rb5 Bd6 25. g3 Rc6 26. Kf1 Rac8 27.
Ke2 Bf8 28. Ra7 Re8 29. Kd1 Rd8 30. Rbb7 Rcc8 31. Kd2 Rb8 32. Be5 Rxb7 33. Rxb7
d4 34. c4 f6 35. Bb8 Rc8 36. Bc7 Bc5 37. Ba5 Bf8 38. Bb4 Bxc4 39. Bxc4+ Rxc4
40. Bxf8 Kxf8 41. Rb3 Ra4 42. Kd3 Kf7 43. Rb7+ Ke6 44. Rxg7 f5 45. Rb7 Ke5 46.
Rb5+ Ke6 47. Rc5 Rb4 48. Ra5 Rb1 49. Kxd4 Rd1+ 50. Ke3 Rc1 51. Kd3 Rd1+ 52. Ke3
Rc1 53. Rxa3 Rxc2 54. Ra6+ Ke5 55. Ra5+ Kf6 56. a4 Rc3+ 57. Kd2 Ra3 58. Ke2 Ra1
59. Ra8 Ke5 60. f4+ Ke4 61. Re8+ Kd4 62. Rd8+ Ke4 63. Re8+ Kd4 64. Kf2 Rxa4 65.
Re2 Kd3 66. Rb2 Kc3 67. Rb8 Kd3 68. Rd8+ Ke4 69. Rd2 Ra3 70. Re2+ Kd4 71. Kg2
Kd3 72. Rb2 Ke3 73. h3 gxh3+ 74. Kxh3 Ra8 75. Kg2 Ra5 76. Rc2 Rb5 77. Ra2 Rc5
78. Ra3+ Ke4 79. Kh3 Rc8 80. Ra5 Kf3 81. Kh4 Rg8 82. Rxf5 Rg4+ 83. Kh5 Rxg3 84.
Rf8 Ke4 85. f5 Ke5 86. f6 Ke6 87. f7 Rf3 88. Kg4 Rxf7 89. Rxf7 Kxf7 1/2-1/2

[Event "Granada Nazari GM"]
[Site "Granada"]
[Date "2014.04.17"]
[Round "5"]
[White "Cuenca Jimenez, Jose Fernando"]
[Black "Trent, Lawrence"]
[Result "1/2-1/2"]
[WhiteElo "2489"]
[BlackElo "2468"]
[PlyCount "119"]
[EventDate "2014.04.15"]
[EventType "tourn"]
[EventRounds "9"]
[EventCountry "ESP"]
[EventCategory "8"]
[SourceTitle "CBM 160 Extra"]
[Source "ChessBase"]
[SourceDate "2014.07.01"]
[SourceVersion "1"]
[SourceVersionDate "2014.07.01"]
[SourceQuality "1"]

1. c4 e5 2. g3 Nf6 3. Bg2 c6 4. d4 exd4 5. Qxd4 d5 6. Nf3 Be6 7. cxd5 cxd5 8.
Nc3 Nc6 9. Qa4 Bc5 10. Bg5 Qb6 11. O-O d4 12. Bxf6 gxf6 13. Ne4 Be7 14. Ned2
O-O 15. Nb3 Rad8 16. Rfd1 d3 17. exd3 Nb4 18. d4 Rd5 19. Nc5 Bxc5 20. dxc5 Rxc5
21. a3 Nc2 22. Rac1 Rfc8 23. Nd2 f5 24. Qh4 Qxb2 25. Nf3 f4 26. Ng5 Bf5 27. Be4
Qf6 28. Rxc2 Rxc2 29. Qxf4 R2c5 30. g4 Rc4 31. Qxf5 Qxf5 32. Bxf5 Rc1 33. Rxc1
Rxc1+ 34. Kg2 h6 35. Ne4 Ra1 36. h4 Rxa3 37. g5 hxg5 38. hxg5 b5 39. Kf1 b4 40.
Ke2 Ra5 41. Ng3 b3 42. Kd3 Rc5 43. Kd2 b2 44. Bc2 Rxg5 45. Ne4 Rg1 46. Nc3 a5
47. Nb1 Rf1 48. Ke2 Rh1 49. Kd2 Rh3 50. Nc3 Rf3 51. Nd1 a4 52. Ke2 Rf6 53. Nc3
a3 54. Bb1 Rd6 55. Nb5 Ra6 56. Nc3 Kg7 57. f4 Rh6 58. Ke3 Rh4 59. f5 Kf6 60.
Bc2 1/2-1/2

[Event "Granada Nazari GM"]
[Site "Granada"]
[Date "2014.04.18"]
[Round "6"]
[White "Ninov, Nikolai"]
[Black "Cuenca Jimenez, Jose Fernando"]
[Result "1/2-1/2"]
[WhiteElo "2462"]
[BlackElo "2489"]
[PlyCount "21"]
[EventDate "2014.04.15"]
[EventType "tourn"]
[EventRounds "9"]
[EventCountry "ESP"]
[EventCategory "8"]
[SourceTitle "CBM 160 Extra"]
[Source "ChessBase"]
[SourceDate "2014.07.01"]
[SourceVersion "1"]
[SourceVersionDate "2014.07.01"]
[SourceQuality "1"]

1. e4 e5 2. Nf3 Nc6 3. Bb5 Nf6 4. O-O Nxe4 5. Re1 Nd6 6. Nxe5 Be7 7. Bf1 Nxe5
8. Rxe5 O-O 9. d4 Bf6 10. Re1 Nf5 11. c3 1/2-1/2

[Event "Granada Nazari GM"]
[Site "Granada"]
[Date "2014.04.19"]
[Round "7"]
[White "Cuenca Jimenez, Jose Fernando"]
[Black "Rodriguez Guerrero, Enrique"]
[Result "0-1"]
[WhiteElo "2489"]
[BlackElo "2432"]
[PlyCount "94"]
[EventDate "2014.04.15"]
[EventType "tourn"]
[EventRounds "9"]
[EventCountry "ESP"]
[EventCategory "8"]
[SourceTitle "CBM 160 Extra"]
[Source "ChessBase"]
[SourceDate "2014.07.01"]
[SourceVersion "1"]
[SourceVersionDate "2014.07.01"]
[SourceQuality "1"]

1. e4 c5 2. Nf3 Nc6 3. Bb5 g6 4. Bxc6 bxc6 5. O-O Bg7 6. e5 Nh6 7. d3 O-O 8. h3
f6 9. exf6 exf6 10. Nc3 Nf7 11. Be3 d6 12. d4 Ba6 13. Re1 cxd4 14. Nxd4 Qd7 15.
Qd2 Rad8 16. Rad1 Rfe8 17. b3 Re7 18. Na4 Rde8 19. c4 Bc8 20. Qc1 Qb7 21. Re2
Bd7 22. Nc3 Qc8 23. Bf4 g5 24. Rxe7 Rxe7 25. Be3 h6 26. Nde2 Bxh3 27. gxh3 Qxh3
28. Qc2 Ne5 29. Nd4 Ng4 30. Re1 f5 31. Nxf5 Rf7 32. Qe4 Nh2 33. Qe8+ Rf8 34.
Qe6+ Kh8 35. f4 Rxf5 36. Ne2 gxf4 37. Nxf4 Rg5+ 38. Kh1 Qf3+ 39. Kxh2 Qg3+ 40.
Kh1 Qxe1+ 41. Kh2 Qg3+ 42. Kh1 Qh4+ 43. Nh3 Be5 44. Qc8+ Rg8 45. Qf5 Qg3 46.
Nf4 Qe1+ 47. Kh2 Qxe3 0-1

[Event "Granada Nazari GM"]
[Site "Granada"]
[Date "2014.04.19"]
[Round "8"]
[White "Piasetski, Leon David"]
[Black "Cuenca Jimenez, Jose Fernando"]
[Result "1/2-1/2"]
[WhiteElo "2293"]
[BlackElo "2489"]
[PlyCount "103"]
[EventDate "2014.04.15"]
[EventType "tourn"]
[EventRounds "9"]
[EventCountry "ESP"]
[EventCategory "8"]
[SourceTitle "CBM 160 Extra"]
[Source "ChessBase"]
[SourceDate "2014.07.01"]
[SourceVersion "1"]
[SourceVersionDate "2014.07.01"]
[SourceQuality "1"]

1. Nf3 Nf6 2. c4 g6 3. Nc3 Bg7 4. e4 d6 5. d4 O-O 6. h3 e5 7. d5 Nh5 8. Nh2 Qe8
9. Be2 Nf4 10. Bf3 f5 11. g3 Nxh3 12. Bg2 f4 13. Nf3 Nxf2 14. Kxf2 Nd7 15. Ng5
Nf6 16. Ne6 Bxe6 17. dxe6 c6 18. Bh3 Qe7 19. gxf4 exf4 20. Qf3 Nh5 21. Bd2 Qh4+
22. Ke2 Ng3+ 23. Kd3 Nxh1 24. Rxh1 Qf6 25. Kc2 Rae8 26. b3 Rxe6 27. Bxe6+ Qxe6
28. Nd1 b5 29. Nf2 bxc4 30. Qh3 cxb3+ 31. axb3 Qxh3 32. Nxh3 f3 33. Kd3 Rb8 34.
b4 c5 35. bxc5 dxc5 36. Rf1 Rb2 37. Bc1 Rb3+ 38. Kc2 Rc3+ 39. Kd2 Rc4 40. Kd3
Rc3+ 41. Kd2 Bd4 42. Bb2 Re3 43. Bxd4 cxd4 44. Ng5 h6 45. Nxf3 Rxe4 46. Ra1 Re7
47. Nxd4 Kg7 48. Ra6 h5 49. Nf3 Rb7 50. Ne5 Rb6 51. Rxa7+ Kh6 52. Nf7+ 1/2-1/2

[Event "Granada Nazari GM"]
[Site "Granada"]
[Date "2014.04.20"]
[Round "9"]
[White "Cuenca Jimenez, Jose Fernando"]
[Black "Pilgaard, Kim"]
[Result "0-1"]
[WhiteElo "2489"]
[BlackElo "2384"]
[PlyCount "94"]
[EventDate "2014.04.15"]
[EventType "tourn"]
[EventRounds "9"]
[EventCountry "ESP"]
[EventCategory "8"]
[SourceTitle "CBM 160 Extra"]
[Source "ChessBase"]
[SourceDate "2014.07.01"]
[SourceVersion "1"]
[SourceVersionDate "2014.07.01"]
[SourceQuality "1"]

1. c4 e5 2. g3 Nf6 3. Bg2 d5 4. cxd5 Nxd5 5. Nc3 Nb6 6. e3 g6 7. Nge2 Bg7 8.
O-O O-O 9. f4 Nc6 10. fxe5 Nxe5 11. d4 Nc6 12. Nf4 Bf5 13. Rf2 Qd7 14. Qf1 Qc8
15. Bd2 Ne7 16. Rc1 c6 17. a4 a5 18. e4 Bd7 19. Be3 Qe8 20. d5 Nexd5 21. Ncxd5
Nxd5 22. Bc5 Nxf4 23. gxf4 Be6 24. f5 Bb3 25. Qd3 Bxa4 26. f6 Bh6 27. Be3 Rd8
28. Qa3 Bxe3 29. Qxe3 Kh8 30. Rf3 Rd1+ 31. Bf1 Qe5 32. b3 Rxc1 33. Qxc1 Bb5 34.
Bg2 Rd8 35. Qh6 Qc5+ 36. Re3 Qc1+ 37. Kf2 Qb2+ 38. Kg3 Qxf6 39. e5 Qe7 40. Re1
Rd3+ 41. Bf3 Kg8 42. Kg2 Rxb3 43. e6 fxe6 44. Qf4 Qf7 45. Qb8+ Qf8 46. Qg3 Bc4
47. Rd1 Rxf3 0-1

[Event "ESP-chT CECLUB Div2"]
[Site "Linares"]
[Date "2014.08.18"]
[Round "1.3"]
[White "Varas, Carlos"]
[Black "Cuenca Jimenez, Jose Fernando"]
[Result "0-1"]
[WhiteElo "2293"]
[BlackElo "2473"]
[PlyCount "82"]
[EventDate "2014.08.18"]
[EventType "team-swiss"]
[EventRounds "6"]
[EventCountry "ESP"]
[SourceTitle "CBM 162 Extra"]
[Source "ChessBase"]
[SourceDate "2014.10.17"]
[SourceVersion "1"]
[SourceVersionDate "2014.10.17"]
[SourceQuality "1"]
[WhiteTeam "Bilbao Haitzak"]
[BlackTeam "Nazari CC"]
[WhiteTeamCountry "ESP"]
[BlackTeamCountry "ESP"]

1. e4 d6 2. d4 Nf6 3. Nc3 e5 4. Nf3 Nbd7 5. Bc4 Be7 6. O-O Nb6 7. Bb5+ c6 8.
dxe5 dxe5 9. Qxd8+ Bxd8 10. Bd3 Nfd7 11. a4 a5 12. b3 Be7 13. Bb2 f6 14. Nd2
Bb4 15. Rfd1 Nc5 16. Be2 Be6 17. f3 Ncd7 18. Na2 Bc5+ 19. Kh1 h5 20. Nc1 Be7
21. Nf1 g6 22. Nd3 Nc5 23. Nxc5 Bxc5 24. Ba3 Bxa3 25. Rxa3 Ke7 26. Ne3 f5 27.
Re1 f4 28. Nd1 Rad8 29. Bd3 g5 30. Nb2 g4 31. Raa1 Rhg8 32. Reb1 Rg7 33. Nc4
Nxc4 34. bxc4 Kd6 35. Ra3 Kc5 36. Rab3 Bxc4 37. Rxb7 Rxb7 38. Rxb7 Bxd3 39.
cxd3 Rxd3 40. Kg1 gxf3 41. gxf3 Rxf3 0-1

[Event "ESP-chT CECLUB Div2"]
[Site "Linares"]
[Date "2014.08.19"]
[Round "2.3"]
[White "Cuenca Jimenez, Jose Fernando"]
[Black "Mascaro March, Pedro"]
[Result "0-1"]
[WhiteElo "2473"]
[BlackElo "2417"]
[PlyCount "122"]
[EventDate "2014.08.18"]
[EventType "team-swiss"]
[EventRounds "6"]
[EventCountry "ESP"]
[SourceTitle "CBM 162 Extra"]
[Source "ChessBase"]
[SourceDate "2014.10.17"]
[SourceVersion "1"]
[SourceVersionDate "2014.10.17"]
[SourceQuality "1"]
[WhiteTeam "Nazari CC"]
[BlackTeam "Binissalem Hotelan"]
[WhiteTeamCountry "ESP"]
[BlackTeamCountry "ESP"]

1. c4 e6 2. Nf3 Nf6 3. g3 b6 4. Bg2 Bb7 5. O-O Be7 6. b3 O-O 7. Bb2 d5 8. e3 c5
9. Nc3 Nc6 10. cxd5 Nxd5 11. Nxd5 Qxd5 12. Ne5 Qd6 13. Nc4 Qc7 14. Qg4 g6 15.
Rfd1 Rfd8 16. a4 Nb4 17. Bxb7 Qxb7 18. d4 h5 19. Qf4 g5 20. Qe5 Rd5 21. Qe4
Rad8 22. Rd2 Nc6 23. Rad1 cxd4 24. exd4 Na5 25. Rd3 Bf6 26. Qf3 Rf5 27. Qxb7
Nxb7 28. Ne3 Ra5 29. Bc3 Ra6 30. d5 Bxc3 31. Rxc3 Nc5 32. Kg2 Kg7 33. d6 Ne4
34. Rc4 Nc5 35. Rc3 Ne4 36. Rc6 Ra5 37. Rc4 Nf6 38. Rc7 Ne8 39. Nc4 Rd5 40. Re1
Nxc7 41. dxc7 Rc8 42. Ne3 Rd3 43. Rc1 Rxb3 44. Rc6 Kf8 45. a5 bxa5 46. Rc5 a4
47. Rxg5 Rxc7 48. Rxh5 f5 49. Rh4 a3 50. Ra4 Kf7 51. h4 Kf6 52. Ra6 Ke5 53. h5
Kd4 54. Rxe6 a5 55. Nxf5+ Kc3 56. Re3+ Kb4 57. Re4+ Rc4 58. Re1 a2 59. Ra1 Ka3
60. h6 Kb2 61. h7 Rc8 0-1

[Event "ESP-chT CECLUB Div2"]
[Site "Linares"]
[Date "2014.08.19"]
[Round "3.2"]
[White "Aranaz Murillo, Amalia"]
[Black "Cuenca Jimenez, Jose Fernando"]
[Result "0-1"]
[WhiteElo "2314"]
[BlackElo "2473"]
[PlyCount "114"]
[EventDate "2014.08.18"]
[EventType "team-swiss"]
[EventRounds "6"]
[EventCountry "ESP"]
[SourceTitle "CBM 162 Extra"]
[Source "ChessBase"]
[SourceDate "2014.10.17"]
[SourceVersion "1"]
[SourceVersionDate "2014.10.17"]
[SourceQuality "1"]
[WhiteTeam "Espartinas Alekhine"]
[BlackTeam "Nazari CC"]
[WhiteTeamCountry "ESP"]
[BlackTeamCountry "ESP"]

1. Nf3 Nf6 2. c4 g6 3. g3 Bg7 4. Bg2 O-O 5. O-O d6 6. d4 Bf5 7. Nc3 Nc6 8. Ne1
Na5 9. e4 Bg4 10. Qd3 c5 11. d5 a6 12. Nc2 b5 13. cxb5 Nd7 14. Bf4 Nb6 15. Na3
Bc8 16. Rfd1 axb5 17. Naxb5 Ba6 18. Qc2 Qd7 19. a4 Nbc4 20. Rab1 Ne5 21. b3 h6
22. h4 Rab8 23. Re1 Qg4 24. Qd1 Bc8 25. Qxg4 Bxg4 26. Re3 Kh7 27. Kh2 Bc8 28.
f3 Bf6 29. Bh3 Bb7 30. Kg2 g5 31. hxg5 hxg5 32. Bxe5 Bxe5 33. Bf5+ Kg7 34. Ne2
Bf6 35. f4 gxf4 36. gxf4 Rh8 37. Rg3+ Kf8 38. Kf3 Ba6 39. Nc7 Bd3 40. Rbg1 Rxb3
41. Nc1 Rc3 42. Nxd3 Rxd3+ 43. Ke2 Rxg3 44. Rxg3 Rh2+ 45. Kd1 Nc4 46. Rb3 Rd2+
47. Ke1 Bd4 48. Rf3 Ra2 49. Bd7 Nd2 50. Rh3 Nxe4 51. Rb3 Bc3+ 52. Kd1 c4 53.
Rb8+ Kg7 54. Ne8+ Kh6 55. Bf5 Nf2+ 56. Kc1 Nd3+ 57. Kd1 Rd2# 0-1

[Event "ESP-chT CECLUB Div2"]
[Site "Linares"]
[Date "2014.08.20"]
[Round "4.3"]
[White "Cuenca Jimenez, Jose Fernando"]
[Black "Moreno Trujillo, Alejandro"]
[Result "1-0"]
[WhiteElo "2473"]
[BlackElo "2525"]
[PlyCount "177"]
[EventDate "2014.08.18"]
[EventType "team-swiss"]
[EventRounds "6"]
[EventCountry "ESP"]
[SourceTitle "CBM 162 Extra"]
[Source "ChessBase"]
[SourceDate "2014.10.17"]
[SourceVersion "1"]
[SourceVersionDate "2014.10.17"]
[SourceQuality "1"]
[WhiteTeam "Nazari CC"]
[BlackTeam "Villalba 64"]
[WhiteTeamCountry "ESP"]
[BlackTeamCountry "ESP"]

1. e4 e6 2. d4 d5 3. Nc3 dxe4 4. Nxe4 Nd7 5. Nf3 Ngf6 6. Nxf6+ Nxf6 7. Be3 Nd5
8. Bd2 c5 9. Bb5+ Bd7 10. Bxd7+ Qxd7 11. c4 Nb6 12. Rc1 f6 13. O-O Rc8 14. dxc5
Bxc5 15. b4 Be7 16. Qb3 Qa4 17. Qe3 Rxc4 18. Qxe6 Qd7 19. Qe2 Rxc1 20. Bxc1 Kf7
21. Qc2 g6 22. Be3 Rc8 23. Qb1 Qa4 24. Bxb6 axb6 25. Qe4 Qc6 26. Qh4 h5 27. Qf4
Qd6 28. Qe4 Rd8 29. a3 Qd5 30. Qe3 Rd6 31. h3 g5 32. Re1 Re6 33. Qc1 Rxe1+ 34.
Nxe1 Bd6 35. Qc2 Kg7 36. Kf1 Be5 37. Qd3 Qxd3+ 38. Nxd3 Bd4 39. Ke2 Kf7 40. Kf3
f5 41. h4 gxh4 42. a4 Bc3 43. b5 Ke6 44. Nf4+ Kd6 45. Nxh5 Kc5 46. Nf4 Bd2 47.
Ne6+ Kb4 48. Ke2 Bc3 49. Kd3 Be5 50. f3 Bf6 51. Nf8 Bd8 52. Kd4 Kxa4 53. Kc4
Ka3 54. Ne6 Bf6 55. Nf4 Kb2 56. Nd5 Bd8 57. Kd3 Kb3 58. f4 Kb2 59. Kd4 Kb3 60.
Kd3 Kb2 61. Ne3 Kb3 62. Nxf5 Kb4 63. Kd4 Kxb5 64. Kd5 Ka4 65. Nd6 b5 66. Nxb7
b4 67. Nc5+ Ka3 68. Kc4 Be7 69. Nb3 Bf6 70. f5 Be7 71. Nd4 Ka2 72. Nc6 Bg5 73.
Nxb4+ Kb2 74. Kd3 Kc1 75. Ke2 Kb2 76. Nd5 Kb3 77. Kd3 Ka4 78. Kc4 Ka5 79. f6
Ka6 80. f7 Bh6 81. Nf4 Kb6 82. Kd5 Kc7 83. Ne6+ Kd7 84. f8=Q Bxf8 85. Nxf8+ Ke7
86. Ng6+ Kf6 87. Nxh4 Kg5 88. Nf3+ Kf4 89. Ne1 1-0

[Event "ESP-chT CECLUB Div2"]
[Site "Linares"]
[Date "2014.08.21"]
[Round "5.2"]
[White "Galindo Rodriguez, Francisco"]
[Black "Cuenca Jimenez, Jose Fernando"]
[Result "0-1"]
[WhiteElo "2235"]
[BlackElo "2473"]
[PlyCount "139"]
[EventDate "2014.08.18"]
[EventType "team-swiss"]
[EventRounds "6"]
[EventCountry "ESP"]
[SourceTitle "CBM 162 Extra"]
[Source "ChessBase"]
[SourceDate "2014.10.17"]
[SourceVersion "1"]
[SourceVersionDate "2014.10.17"]
[SourceQuality "1"]
[WhiteTeam "Albox Reverte"]
[BlackTeam "Nazari CC"]
[WhiteTeamCountry "ESP"]
[BlackTeamCountry "ESP"]

1. e4 d6 2. d4 Nf6 3. f3 e5 4. Be3 exd4 5. Qxd4 Nc6 6. Bb5 Be7 7. c4 O-O 8.
Bxc6 bxc6 9. Nc3 Be6 10. Rd1 Nd7 11. b3 f5 12. exf5 Bxf5 13. Nge2 Bf6 14. Qd2
Bh4+ 15. Ng3 Ne5 16. O-O Bg6 17. Nce4 Nf7 18. Qa5 Qd7 19. Rd2 Rae8 20. Bd4 Nh6
21. Qc3 Qf7 22. Rfd1 Nf5 23. Bf2 Nxg3 24. Nxg3 c5 25. Kf1 h5 26. Re2 Bf6 27.
Qd2 h4 28. Rxe8 Rxe8 29. Ne2 h3 30. gxh3 Bf5 31. Ng1 Qh5 32. Kg2 Kh8 33. Re1
Rf8 34. Qe2 a5 35. Qd2 Be5 36. Qe2 a4 37. h4 axb3 38. axb3 Rb8 39. Qd1 Qg6+ 40.
Bg3 Bc2 41. Qd2 Bf6 42. h5 Qd3 43. Qf4 Qf5 44. Qe3 Qxh5 45. Rc1 Rxb3 46. Qd2
Bf5 47. Kh1 Qg6 48. Re1 Bc3 49. Qe3 Bxe1 50. Qxb3 Bxg3 51. hxg3 Qxg3 52. Qb8+
Kh7 53. Qe8 Qg6 54. Qe7 Be6 55. Kh2 Qc2+ 56. Kg3 Qxc4 57. Qg5 Qd5 58. Nh3 Qf5
59. Qh4+ Kg8 60. Ng5 c4 61. Qh5 Bf7 62. Qh4 c3 63. Ne4 c2 64. Qd8+ Kh7 65. Qxc7
d5 66. Qxc2 dxe4 67. fxe4 Qg5+ 68. Kh3 Qe3+ 69. Kh2 Bg6 70. Qd1 0-1

[Event "ESP-chT CECLUB Div2"]
[Site "Linares"]
[Date "2014.08.22"]
[Round "6.1"]
[White "Forcen Esteban, Daniel"]
[Black "Cuenca Jimenez, Jose Fernando"]
[Result "1-0"]
[WhiteElo "2536"]
[BlackElo "2473"]
[PlyCount "65"]
[EventDate "2014.08.18"]
[EventType "team-swiss"]
[EventRounds "6"]
[EventCountry "ESP"]
[SourceTitle "CBM 162 Extra"]
[Source "ChessBase"]
[SourceDate "2014.10.17"]
[SourceVersion "1"]
[SourceVersionDate "2014.10.17"]
[SourceQuality "1"]
[WhiteTeam "Jaime Casas"]
[BlackTeam "Nazari CC"]
[WhiteTeamCountry "ESP"]
[BlackTeamCountry "ESP"]

1. e4 e5 2. Nf3 Nf6 3. Nxe5 d6 4. Nf3 Nxe4 5. d4 d5 6. Bd3 Nc6 7. O-O Bg4 8. c3
Be7 9. Re1 f5 10. Qb3 O-O 11. Qxb7 Bxf3 12. gxf3 Bd6 13. Be3 Ng5 14. Qxc6 Nxf3+
15. Kf1 Nxe1 16. Qxd5+ Kh8 17. Kxe1 Qh4 18. Nd2 f4 19. Nf3 Qe7 20. Bxh7 fxe3
21. Bg6 Bf4 22. Qh5+ Bh6 23. Ne5 Rxf2 24. Be4 Qf6 25. Qg6 Rf1+ 26. Ke2 Qf2+ 27.
Kd3 Kg8 28. Bxa8 Qd2+ 29. Kc4 Qe2+ 30. Kc5 Rf6 31. Qe8+ Kh7 32. Be4+ g6 33.
Bxg6+ 1-0

[Event "BL2-Nord 1415"]
[Site "Germany"]
[Date "2014.09.21"]
[Round "1.1"]
[White "Rabiega, Robert"]
[Black "Cuenca Jimenez, Jose Fernando"]
[Result "1/2-1/2"]
[WhiteElo "2504"]
[BlackElo "2473"]
[PlyCount "74"]
[EventDate "2014.09.21"]
[EventType "team-tourn"]
[EventRounds "9"]
[EventCountry "GER"]
[SourceTitle "CBM 166 Extra"]
[Source "ChessBase"]
[SourceDate "2015.06.18"]
[SourceVersion "1"]
[SourceVersionDate "2015.06.18"]
[SourceQuality "1"]
[WhiteTeam "Berlin Tegel"]
[BlackTeam "Hamburger SK II"]
[WhiteTeamCountry "GER"]
[BlackTeamCountry "GER"]

1. e4 e5 2. Bc4 Nf6 3. d3 c6 4. Nf3 d5 5. Bb3 a5 6. a3 Bd6 7. Nc3 dxe4 8. Ng5
O-O 9. Ncxe4 Nxe4 10. Nxe4 Bf5 11. Qf3 Bxe4 12. dxe4 Nd7 13. O-O Nc5 14. Ba2
Qf6 15. Qxf6 gxf6 16. Re1 Rfd8 17. Be3 Rd7 18. f3 Ne6 19. Rad1 Rad8 20. Kf1 Be7
21. Rxd7 Rxd7 22. c3 a4 23. g3 Nc5 24. Ke2 Kg7 25. Bb1 b5 26. f4 Nb3 27. Bc2
Na5 28. h4 Nc4 29. Bc1 Bc5 30. Rf1 Rd6 31. f5 Rd8 32. g4 h6 33. Rf3 Be7 34. Rf1
Rd7 35. Bd3 Rd8 36. Bc2 Rd7 37. Bd3 Rd8 1/2-1/2